000 00447nam a22001337a 4500
040 _cNUST
082 _a200 THE
100 _aHafiz Zia ur Rahman
_983985
110 _aSupervisor Dr. Raja Amer Azim
_984143
245 _aTH-SOF-1925-Numerical Investigation of Friction and Wear Characteristics of Surfaces using MoS2 Nanoparticles in PAO
260 _aISLAMABAD:
_bNUST COLLEGE OF EME,
_c2021.
650 _aMS-MECH-18
_983986
942 _2ddc
_cTHE
999 _c586709
_d586709